[Event "Titled Tue 10th Jun Early"]
[Site "chess.com INT"]
[Date "2025.06.10"]
[Round "11"]
[White "Shymanskyi, Oleksandr"]
[Black "Sturt, Raven"]
[Result "0-1"]
[WhiteTitle "FM"]
[BlackTitle "GM"]
[WhiteElo "2218"]
[BlackElo "2459"]
[WhiteFideId "14168880"]
[BlackFideId "2007304"]
[EventDate "2025.06.10"]

1. e4 e5 2. Nf3 Nc6 3. Bc4 Nf6 4. d3 Be7 5. O-O O-O 6. a4 d6 7. Re1 a5 8. c3 Be6
9. Nbd2 Bxc4 10. Nxc4 Nd7 11. Ne3 Nb6 12. d4 exd4 13. cxd4 Nb4 14. Nf5 Re8 15.
Bf4 Qd7 16. b3 d5 17. Ne5 Qe6 18. Qg4 Bf6 19. Nxf7 Kxf7 20. e5 Nc2 21. Rac1 g6
22. Nh6+ Kf8 23. Qxe6 Rxe6 24. Rxc2 c6 25. Ng4 Bg7 26. Bd2 Nc8 27. Rc5 b6 28.
Rc2 Ne7 29. Ne3 Ke8 30. h4 Kd7 31. f4 h5 32. Rf1 Rf8 33. Bc3 Bh6 34. Rcf2 Nf5
35. Nxf5 gxf5 36. Kh2 Rg8 37. g3 Reg6 38. Rf3 Bf8 39. Rb1 c5 40. dxc5 bxc5 41.
Bxa5 d4 42. b4 c4 43. Rd1 d3 44. b5 Bc5 45. Rc1 Rc8 46. Kg2 Bd4 47. b6 Bxb6 48.
Bc3 Ke6 49. Rb1 Bc5 50. a5 Kd5 51. Ra1 Bd4 52. Bxd4 Kxd4 53. a6 Ra8 54. a7 Rg7
55. e6 Rgxa7 56. Re1 Re7 57. Rff1 Ra6 58. Re5 Raxe6 59. Rxf5 Re2+ 60. Kh3 Re1
61. Rf2 R7e2 62. Rxe2 Rxe2 63. Rxh5 d2 64. Rh8 c3 65. Rd8+ Ke3 66. f5 c2 67. f6
d1=Q 68. Re8+ Kf3 69. f7 Qh1# 0-1

[Event "Titled Tue 10th Jun Early"]
[Site "chess.com INT"]
[Date "2025.06.10"]
[Round "11"]
[White "Dyulgerov, Volen"]
[Black "Lai, Duc Minh"]
[Result "0-1"]
[WhiteTitle "CM"]
[WhiteElo "2200"]
[BlackElo "2072"]
[WhiteFideId "2918978"]
[BlackFideId "12420387"]
[EventDate "2025.06.10"]

1. e4 c5 2. d4 cxd4 3. c3 Nf6 4. Bd3 dxc3 5. Nxc3 Nc6 6. Nf3 d6 7. O-O g6 8. h3
Bg7 9. Re1 O-O 10. Bg5 h6 11. Be3 Be6 12. Qd2 Kh7 13. Rad1 Qa5 14. Bb1 Rac8 15.
a3 Bb3 16. Rc1 Rfd8 17. g4 Ne5 18. Nd4 Qa6 19. Kg2 Nc4 20. Qe2 Nxe3+ 21. Qxe3
Bc4 22. f3 e5 23. Nf5 gxf5 24. exf5 Qb6 25. Qd2 Kh8 26. h4 e4 27. Bxe4 Nxe4 28.
fxe4 Qd4 29. Qf4 Kh7 30. Rcd1 Qe5 31. Qf3 Bf6 32. g5 Rg8 33. Nd5 Qxb2+ 34. Kh1
Be5 35. Qh3 Bxd5 36. Rxd5 Rc2 37. Rxe5 dxe5 38. f6 Qc3 39. Qf5+ Kh8 40. Rg1 Rc1
41. g6 Rxg1+ 42. Kxg1 Qg3+ 43. Kf1 Qxg6 44. Qd7 Qxf6+ 45. Ke1 Qxh4+ 46. Kd1 Qxe4
47. a4 Qd4+ 0-1

[Event "Titled Tue 10th Jun Early"]
[Site "chess.com INT"]
[Date "2025.06.10"]
[Round "11"]
[White "Howell, David W L"]
[Black "Mompel Ferruz, Xavier"]
[Result "1-0"]
[WhiteTitle "GM"]
[BlackTitle "FM"]
[WhiteElo "2668"]
[BlackElo "2342"]
[WhiteFideId "410608"]
[BlackFideId "54585775"]
[EventDate "2025.06.10"]

1. e4 c5 2. Nc3 d6 3. d4 cxd4 4. Qxd4 Nc6 5. Qd2 g6 6. b3 Bh6 7. f4 Nf6 8. Bb2
O-O 9. O-O-O e5 10. g3 Bg4 11. Be2 Bxe2 12. Ngxe2 Re8 13. Rhe1 exf4 14. Nxf4 Ne5
15. Qxd6 Nh5 16. Qxd8 Raxd8 17. Nd5 Nf3 18. Re2 Rxd5 19. Rxd5 Bxf4+ 20. gxf4
Nxf4 21. Rf2 Nxd5 22. Rxf3 Nb4 23. a3 Nc6 24. Rf4 Re6 25. h4 Kf8 26. Kd2 Ke7 27.
Ke3 Ne5 28. Bd4 b6 29. a4 Nc6 30. Bc3 f6 31. h5 gxh5 32. Rf5 h4 33. Rh5 Kd6 34.
Kf4 Ne7 35. Bb4+ Kd7 36. Rxh7 Ke8 37. Rh8+ Kf7 38. Rh7+ Ke8 39. Bxe7 Rxe7 40.
Rxh4 Kf7 41. Rh3 Ke6 42. Rc3 Rd7 43. Rc6+ Ke7 44. Kf5 Rd2 45. Rc7+ Kd6 46. Rxa7
Rf2+ 47. Kg6 Rxc2 48. Kxf6 Rf2+ 49. Kg5 Ke5 50. Re7+ Kd4 51. Re6 1-0

[Event "Titled Tue 10th Jun Early"]
[Site "chess.com INT"]
[Date "2025.06.10"]
[Round "11"]
[White "Van Baar, Esper"]
[Black "Khazan, Yevgeny"]
[Result "0-1"]
[WhiteTitle "FM"]
[BlackTitle "CM"]
[WhiteElo "2232"]
[BlackElo "2135"]
[WhiteFideId "1049321"]
[BlackFideId "2806193"]
[EventDate "2025.06.10"]

1. c4 e5 2. Nc3 Nc6 3. d3 Bc5 4. Nf3 Nf6 5. e3 O-O 6. Be2 d5 7. cxd5 Nxd5 8. O-O
Kh8 9. a3 f5 10. Qc2 Bb6 11. b4 f4 12. Na4 fxe3 13. Nxb6 exf2+ 14. Rxf2 axb6 15.
Bb2 Bg4 16. b5 Bxf3 17. bxc6 Bxe2 18. Rxf8+ Qxf8 19. Qxe2 bxc6 20. Qxe5 Re8 21.
Rf1 Qxf1+ 22. Kxf1 Ne3+ 23. Ke2 Rxe5 24. Bxe5 Nd5 25. Kf3 Kg8 26. Ke4 Kf7 27. h4
g6 28. g4 Ke6 29. h5 b5 30. hxg6 hxg6 31. Bd4 Nb6 32. Kf4 Nd7 33. Kg5 c5 34. Bc3
Kf7 35. Ba5 Nb6 36. Bc3 Nd5 37. Be5 b4 38. a4 b3 39. a5 Nb4 40. Kh4 Ke6 41. Bh8
Kd7 42. Kg5 Nxd3 43. Kxg6 b2 44. Bxb2 Nxb2 45. Kf7 Nd3 46. a6 Kc6 47. g5 c4 48.
Ke6 Nf4+ 49. Ke5 Ng6+ 50. Kd4 Kb6 51. Kxc4 Kxa6 0-1

[Event "Titled Tue 10th Jun Early"]
[Site "chess.com INT"]
[Date "2025.06.10"]
[Round "11"]
[White "Yevchenko, Oleksandr"]
[Black "Lloret Ramis, Juan Jose"]
[Result "0-1"]
[WhiteTitle "CM"]
[BlackTitle "FM"]
[WhiteElo "2276"]
[BlackElo "2019"]
[WhiteFideId "14108267"]
[BlackFideId "2204053"]
[EventDate "2025.06.10"]

1. c4 e6 2. e4 d5 3. exd5 exd5 4. cxd5 Nf6 5. Nc3 Nxd5 6. Nf3 Be7 7. Bc4 Nb6 8.
Bb3 O-O 9. d4 Nc6 10. O-O Bg4 11. Re1 Bxf3 12. Qxf3 Nxd4 13. Qxb7 Rb8 14. Qe4
Nxb3 15. axb3 Bf6 16. Rxa7 Re8 17. Qxe8+ Qxe8 18. Rxe8+ Rxe8 19. Be3 Bxc3 20.
bxc3 Nd5 21. c4 Nxe3 22. fxe3 g6 23. Rxc7 Rb8 24. Kf2 h5 25. h4 Rxb3 26. c5 Kf8
27. Kf3 Ke8 28. g3 Rb4 29. Ra7 Rc4 30. Ra5 Ke7 31. e4 Ke6 32. Kf4 f5 33. Ra6+
Kf7 34. c6 Rxe4+ 35. Kg5 Rg4+ 36. Kh6 Rxg3 37. Ra7+ Kf6 38. Rg7 Rc3 39. Rxg6+
Ke5 40. Kxh5 f4 41. Kg5 Rg3+ 42. Kh5 Rc3 43. Kh6 f3 44. Rg8 Rxc6+ 45. Kg5 Ke4
46. Re8+ Kd3 47. h5 Rc5+ 48. Kg6 f2 49. Rf8 Rxh5 0-1

[Event "Titled Tue 10th Jun Early"]
[Site "chess.com INT"]
[Date "2025.06.10"]
[Round "11"]
[White "Cherepov, Alexej"]
[Black "Banerjee, Supratit"]
[Result "0-1"]
[WhiteTitle "CM"]
[BlackTitle "FM"]
[WhiteElo "2083"]
[BlackElo "2311"]
[WhiteFideId "13503650"]
[BlackFideId "2410079"]
[EventDate "2025.06.10"]

1. d4 d5 2. c4 e6 3. Nf3 Be7 4. g3 Nf6 5. Bg2 O-O 6. O-O b6 7. Qc2 Bb7 8. cxd5
exd5 9. Nc3 c5 10. Ne5 cxd4 11. Nb5 Nbd7 12. Nxd7 Qxd7 13. Nxd4 Rac8 14. Qd3 Ne4
15. Bf4 Rfd8 16. Rac1 a6 17. Rfd1 Bf6 18. Be3 Nc5 19. Qa3 a5 20. b4 Qa4 21. Qxa4
Nxa4 22. Rxc8 Rxc8 23. bxa5 Nc3 24. Rd2 bxa5 25. Nb3 a4 26. Na5 Ba6 27. Bf3 Bd8
28. Bg4 Bxa5 29. Bxc8 Nxe2+ 30. Rxe2 Bxe2 31. Bd7 a3 32. Bc5 Bc3 33. Bxa3 d4 34.
Kg2 Bc4 35. Bc1 d3 36. Kf3 d2 37. Bxd2 Bxd2 38. a4 g6 39. Ke4 Be1 40. Kf3 Kf8
41. Ke3 Ke7 42. Bc6 Kd6 43. Be8 f6 44. h4 Ke5 45. Kf3 Bd5+ 46. Ke3 Ba5 47. Bd7
Bb6+ 48. Ke2 f5 49. Bc8 Bc4+ 50. Kf3 Bd5+ 51. Ke2 h6 52. Ba6 g5 53. hxg5 hxg5
54. Bb5 Kd4 55. Bd7 Be4 56. Bc8 g4 57. Bd7 Ke5 58. Bc8 Bc6 59. Ba6 Bxa4 60. Bc4
Bc6 61. Ba6 Bf3+ 62. Ke1 f4 63. gxf4+ Kxf4 64. Bc8 Kg5 65. Kf1 Kh4 0-1

[Event "Titled Tue 10th Jun Early"]
[Site "chess.com INT"]
[Date "2025.06.10"]
[Round "11"]
[White "Li, Hui"]
[Black "Kapra, Jerjis"]
[Result "0-1"]
[WhiteTitle "CM"]
[WhiteElo "2041"]
[BlackElo "2055"]
[WhiteFideId "15400310"]
[BlackFideId "2640341"]
[EventDate "2025.06.10"]

1. e4 e6 2. d4 d5 3. Nd2 e5 4. exd5 exd4 5. Bb5+ Bd7 6. Qe2+ Qe7 7. Bxd7+ Nxd7
8. Ndf3 Ngf6 9. Nxd4 Nxd5 10. Bg5 f6 11. Bd2 O-O-O 12. O-O-O Qxe2 13. Ngxe2 Bc5
14. c4 N5b6 15. b3 Ne5 16. Ne6 Ba3+ 17. Kc2 Rd7 18. Bc3 Re7 19. N6f4 Ng4 20.
Rdf1 Bd6 21. h3 Ne5 22. Nd5 Nxd5 23. cxd5 Bc5 24. Ng3 Nd7 25. Re1 Rxe1 26. Bxe1
Nb6 27. Ne4 Be7 28. Bc3 Nxd5 29. Rd1 Nxc3 30. Nxc3 Rd8 31. Rxd8+ Bxd8 32. Kd3 c6
33. Ne4 Be7 34. g4 Kd7 35. f3 Ke6 36. Ng3 g6 37. Ke4 Bd6 38. Ne2 Bc5 39. Nf4+
Kd6 40. Nd3 a5 41. f4 b5 42. f5 g5 43. Nb2 Ba3 44. Nd3 c5 45. Ne1 Bb2 46. Nc2 c4
47. bxc4 bxc4 48. Ne3 Kc5 49. Nd5 c3 50. Ne3 Bc1 51. Nc2 Kc4 52. Kf3 Kd3 53.
Ne1+ Kd2 54. Kf2 Ba3 55. Nf3+ Kd1 56. Nd4 Bc5 57. Ke3 Bxd4+ 0-1

[Event "Titled Tue 10th Jun Early"]
[Site "chess.com INT"]
[Date "2025.06.10"]
[Round "11"]
[White "Jake Shanty"]
[Black "Ilamparthi, A R"]
[Result "1/2-1/2"]
[WhiteTitle "FM"]
[BlackTitle "IM"]
[WhiteElo "2252"]
[BlackElo "2490"]
[WhiteFideId "33478066"]
[BlackFideId "45015775"]
[EventDate "2025.06.10"]

1. Nf3 g6 2. e4 Bg7 3. d4 c6 4. Bd3 d6 5. O-O Nf6 6. c3 O-O 7. h3 Nbd7 8. Nbd2
Qc7 9. Re1 e5 10. Qc2 Nh5 11. Nc4 b5 12. Ncd2 a6 13. a4 Bb7 14. axb5 axb5 15.
Rxa8 Bxa8 16. Nb3 Bb7 17. Be3 Nb6 18. dxe5 dxe5 19. Nc5 Bc8 20. b3 Nf4 21. Bf1
Nd7 22. Nxd7 Bxd7 23. c4 Qb7 24. Rd1 Ne6 25. Qd2 Rd8 26. Qc2 Qb8 27. Qc3 b4 28.
Qb2 c5 29. Rd5 Bc6 30. Rxd8+ Qxd8 31. Nd2 h5 32. Qa2 Kh7 33. Qa6 Qd7 34. Qb6 Bh6
35. Bxh6 Kxh6 36. Nf3 f6 37. Qb8 Bxe4 38. Qh8+ Qh7 39. Qxf6 Bxf3 40. Qxf3 Qg7
41. Qe3+ Kh7 42. Bd3 Nd4 43. Be4 Qf6 44. g3 Qa6 45. Kg2 Qf6 46. h4 Kg7 47. Bd5
Qf5 48. Be4 Qf6 49. Qd3 Qa6 50. Qe3 Qf6 1/2-1/2

[Event "Titled Tue 10th Jun Early"]
[Site "chess.com INT"]
[Date "2025.06.10"]
[Round "11"]
[White "Rustemov, Alexander"]
[Black "Skliarov, Viktor"]
[Result "1-0"]
[WhiteTitle "GM"]
[BlackTitle "IM"]
[WhiteElo "2525"]
[BlackElo "2334"]
[WhiteFideId "4119002"]
[BlackFideId "14106736"]
[EventDate "2025.06.10"]

1. d4 Nf6 2. c4 e6 3. Nf3 b6 4. a3 Bb7 5. Nc3 d5 6. Bg5 Be7 7. Bxf6 Bxf6 8. cxd5
exd5 9. Qa4+ c6 10. g3 O-O 11. Bg2 Nd7 12. O-O b5 13. Qc2 a5 14. Rfe1 Nb6 15. e4
b4 16. axb4 axb4 17. Ne2 dxe4 18. Qxe4 Re8 19. Ne5 Rxa1 20. Rxa1 Bxe5 21. dxe5
Qd2 22. b3 Nd5 23. Bf3 g6 24. Qd4 Qxd4 25. Nxd4 Rxe5 26. Ra7 Re7 27. Bxd5 cxd5
28. Ra4 Bc8 29. Kg2 Kg7 30. Rxb4 Re4 31. f3 Re3 32. Kf2 Rc3 33. h4 h5 34. Ke2
Ba6+ 35. Kf2 Rc1 36. Ra4 Bd3 37. Ke3 Bf1 38. Ra2 Rb1 39. Kd2 Kh6 40. Kc3 f6 41.
Rb2 Rc1+ 42. Kd2 Rc8 43. b4 Rc4 44. Nc2 d4 45. b5 Bg2 46. Ne1 Bh3 47. b6 Bc8 48.
b7 Bxb7 49. Rxb7 g5 50. hxg5+ Kxg5 51. Rb5+ f5 52. Ng2 Ra4 53. Nh4 Ra2+ 54. Kd3
Ra3+ 55. Kxd4 Ra4+ 56. Ke3 Ra3+ 57. Kf2 Ra2+ 58. Kg1 1-0

[Event "Titled Tue 10th Jun Early"]
[Site "chess.com INT"]
[Date "2025.06.10"]
[Round "11"]
[White "Bulgak, Damir"]
[Black "Nakonechnyi, Oleksii"]
[Result "0-1"]
[BlackTitle "CM"]
[WhiteElo "2213"]
[BlackElo "2222"]
[WhiteFideId "13528882"]
[BlackFideId "34173714"]
[EventDate "2025.06.10"]

1. d4 Nf6 2. c4 e6 3. Nf3 Bb4+ 4. Bd2 a5 5. g3 O-O 6. Bg2 d5 7. O-O Bd7 8. Qc2
Bc6 9. Ne5 dxc4 10. Nxc6 Nxc6 11. Bxc6 bxc6 12. Qxc4 Qd5 13. Qxd5 cxd5 14. Nc3
c5 15. dxc5 Bxc5 16. Rac1 Rfc8 17. Na4 Bb4 18. Bf4 Nd7 19. a3 Be7 20. Nc3 f6 21.
Rfd1 Nc5 22. Nb5 e5 23. Bd2 Nb3 24. Rxc8+ Rxc8 25. e3 Rc5 26. Nc3 Kf7 27. Be1
Ke6 28. Kf1 d4 29. exd4 exd4 30. Ne2 Rc4 31. Nf4+ Ke5 32. Nd3+ Ke4 33. Kg2 Rc2
34. Nf4 a4 35. Bb4 Bxb4 36. axb4 Rxb2 37. Re1+ Kf5 38. Re7 g5 39. Nh5 a3 40. h3
g4 41. hxg4+ Kxg4 42. Nxf6+ Kf5 43. Nd5 a2 44. Nf4 a1=Q 45. Rf7+ Ke4 46. Re7+
Kf5 47. Rf7+ Ke5 48. Rxh7 Rd2 49. Re7+ Kd6 50. Re6+ Kd7 51. Rh6 Qe1 52. Rh7+ Kc6
53. Rh6+ Kb5 54. Nh3 Qe4+ 55. Kh2 Rd1 56. Ng1 Nd2 57. Rh4 Nf3+ 58. Kh3 Nxg1+ 59.
Kh2 Nf3+ 60. Kh3 Nxh4 61. gxh4 Rh1+ 62. Kg3 Rg1+ 63. Kh3 Qg4+ 64. Kh2 Qg2# 0-1

[Event "Titled Tue 10th Jun Early"]
[Site "chess.com INT"]
[Date "2025.06.10"]
[Round "11"]
[White "Gbiorczyk, Mikolaj"]
[Black "Diachek, Andrii"]
[Result "0-1"]
[WhiteTitle "CM"]
[BlackTitle "CM"]
[WhiteElo "2191"]
[BlackElo "2177"]
[WhiteFideId "21080763"]
[BlackFideId "34106499"]
[EventDate "2025.06.10"]

1. d4 d5 2. Nc3 Nf6 3. Bf4 c6 4. e3 Bf5 5. f3 e6 6. g4 Bg6 7. h4 h6 8. h5 Bh7 9.
Bd3 Bxd3 10. Qxd3 Bd6 11. Nh3 Bxf4 12. Nxf4 Nbd7 13. O-O-O Qe7 14. Kb1 O-O-O 15.
Rhg1 e5 16. dxe5 Nxe5 17. Qf5+ Kb8 18. Nd3 Nc4 19. Rde1 Ka8 20. g5 Nxh5 21. g6
Nf6 22. gxf7 Qxf7 23. e4 Nd6 24. Ne5 Qe7 25. Qf4 g5 26. Qh2 Qh7 27. exd5 Nxd5
28. Nxd5 cxd5 29. Nd3 Nc4 30. Re6 Rde8 31. Rge1 Rxe6 32. Rxe6 a6 33. b3 Qf5 34.
Qe2 Nd2+ 35. Kc1 Nxf3 36. Nb4 Nd4 37. Re8+ Rxe8 38. Qxe8+ Ka7 39. Qe3 Qf4 40.
Kd2 Qxe3+ 41. Kxe3 Nf5+ 42. Kf3 Kb6 43. Nxd5+ Kc5 44. Nf6 Nd4+ 45. Kg4 Nxc2 46.
Kh5 Nb4 47. Kxh6 Nxa2 48. Kxg5 Nc1 49. Ne4+ Kb4 50. Nd6 b5 0-1

[Event "Titled Tue 10th Jun Early"]
[Site "chess.com INT"]
[Date "2025.06.10"]
[Round "11"]
[White "Lee, Junhyeok"]
[Black "Srihari, L R"]
[Result "1-0"]
[WhiteTitle "IM"]
[BlackTitle "IM"]
[WhiteElo "2434"]
[BlackElo "2480"]
[WhiteFideId "13202340"]
[BlackFideId "46617116"]
[EventDate "2025.06.10"]

1. d4 e6 2. c4 b6 3. a3 Bb7 4. Nc3 Nf6 5. Bf4 d5 6. cxd5 exd5 7. e3 Bd6 8. Bxd6
Qxd6 9. Nf3 O-O 10. Bd3 Nbd7 11. Rc1 a6 12. O-O Rac8 13. Qc2 Rfe8 14. Rfd1 Qe7
15. Qe2 b5 16. Bf5 Rcd8 17. Qc2 g6 18. Bh3 c5 19. dxc5 Qxc5 20. Bxd7 Rxd7 21.
Ne4 Qe7 22. Nxf6+ Qxf6 23. Nd4 Rc8 24. Qd2 Rdc7 25. Rxc7 Rxc7 26. Rc1 Rc4 27. b3
Rxc1+ 28. Qxc1 Qd6 29. b4 Kf8 30. h4 h5 31. Qc3 Ke7 32. Nb3 Bc6 33. Qd4 Bd7 34.
Nc5 Bc8 35. Nd3 Bf5 36. Nf4 Be6 37. Qa7+ Kf6 38. f3 Qe5 39. Qd4 Qxd4 40. exd4
Kf5 41. g3 Kf6 42. Kf2 Ke7 43. Ke3 Kd6 44. Nd3 Bf5 45. Nc5 Bc8 46. Kf4 f6 47. g4
Kc6 48. g5 fxg5+ 49. Kxg5 Bf5 50. Nxa6 Kd6 51. Nc5 Kc6 52. f4 Kd6 53. Kf6 Kc6
54. Ne6 1-0

[Event "Titled Tue 10th Jun Early"]
[Site "chess.com INT"]
[Date "2025.06.10"]
[Round "11"]
[White "Zhigalko, Sergei"]
[Black "Dragnev, Valentin"]
[Result "1-0"]
[WhiteTitle "GM"]
[BlackTitle "GM"]
[WhiteElo "2572"]
[BlackElo "2547"]
[WhiteFideId "13502956"]
[BlackFideId "1634852"]
[EventDate "2025.06.10"]

1. e4 d5 2. exd5 Qxd5 3. Nc3 Qa5 4. d4 Nf6 5. Nf3 Bf5 6. Ne5 c6 7. Bd3 Bxd3 8.
Qxd3 e6 9. O-O Nbd7 10. Qg3 Nh5 11. Qf3 Nhf6 12. Qg3 Nh5 13. Qh3 Nhf6 14. Re1
Bb4 15. Qg3 g6 16. Nc4 Qh5 17. Nd6+ Bxd6 18. Qxd6 O-O-O 19. Bf4 Ne8 20. Qa3 Qf5
21. Bg3 a6 22. Ne4 Nb6 23. c3 h5 24. Qb3 Qb5 25. Qa3 h4 26. Be5 Nc4 27. Qe7 Rd7
28. Qg5 Rh5 29. a4 Qd5 30. Qf4 Nxe5 31. dxe5 Qxe5 32. Qc1 Qc7 33. h3 Rh8 34. Ng5
Kb8 35. b4 Nd6 36. c4 Nf5 37. b5 cxb5 38. Qb2 Qxc4 39. Qxh8+ Ka7 40. Qe5 Rd5 41.
Qe4 Nd4 42. axb5 Qxb5 43. Nf3 e5 44. Qe3 f6 45. Kh1 Qb6 46. Nxd4 exd4 47. Qd3
Rb5 48. Reb1 Rxb1+ 49. Rxb1 Qc5 50. Rd1 b6 51. Qxd4 1-0

[Event "Titled Tue 10th Jun Early"]
[Site "chess.com INT"]
[Date "2025.06.10"]
[Round "11"]
[White "Jimenez Salas, Maria Teresa"]
[Black "Gelman, Alexander"]
[Result "1-0"]
[WhiteTitle "WIM"]
[BlackTitle "IM"]
[WhiteElo "2170"]
[BlackElo "2403"]
[WhiteFideId "3843866"]
[BlackFideId "4118316"]
[EventDate "2025.06.10"]

1. e4 e5 2. Nf3 d6 3. d4 exd4 4. Nxd4 Nf6 5. Nc3 Be7 6. Bf4 O-O 7. Qd2 Nc6 8.
O-O-O Nxd4 9. Qxd4 Be6 10. f3 a6 11. Kb1 b5 12. g4 c5 13. Qd2 b4 14. Nd5 Nxd5
15. exd5 Bd7 16. h4 Re8 17. g5 Bf5 18. h5 Bf8 19. Bd3 Qd7 20. Rdg1 Ra7 21. Re1
Raa8 22. g6 fxg6 23. hxg6 hxg6 24. Reg1 Kf7 25. Rh2 Bxd3 26. Qxd3 Qf5 27. Qd2 c4
28. Rg5 Qf6 29. Rhg2 c3 30. Qc1 Ra7 31. Rxg6 Qxg6 32. Rxg6 Kxg6 33. Qg1+ Kf5 34.
Qxa7 Kxf4 35. Qd4+ Kxf3 36. bxc3 bxc3 37. Qxc3+ Re3 38. Qc4 Be7 39. Qxa6 g5 40.
Qf1+ Ke4 41. Qg2+ Rf3 42. a4 Bf6 43. a5 Kf4 44. a6 Ra3 45. Qf1+ Rf3 46. Qc4+ Kf5
47. a7 Ra3 48. Qd3+ Rxd3 49. cxd3 g4 50. a8=Q g3 51. Qc8+ Kf4 52. Qg8 Bd4 53.
Kc2 Kf3 54. Qf7+ Ke2 55. Qg6 Kf2 56. Qf5+ Ke3 57. Qe4+ Kf2 58. Qxd4+ 1-0

[Event "Titled Tue 10th Jun Early"]
[Site "chess.com INT"]
[Date "2025.06.10"]
[Round "11"]
[White "Izafatava, Kira"]
[Black "Birkisson, Bjorn Holm"]
[Result "1-0"]
[BlackTitle "CM"]
[WhiteElo "2036"]
[BlackElo "2128"]
[WhiteFideId "13521705"]
[BlackFideId "2310600"]
[EventDate "2025.06.10"]

1. e4 e6 2. d4 d5 3. Nc3 Nf6 4. Bg5 dxe4 5. Nxe4 Nbd7 6. Nf3 h6 7. Bxf6 Nxf6 8.
Nxf6+ Qxf6 9. Bd3 Bd6 10. Qe2 O-O 11. Qe4 g6 12. h4 Bd7 13. Ne5 Bc6 14. Nxc6
bxc6 15. h5 Kg7 16. hxg6 fxg6 17. O-O Rab8 18. b3 c5 19. Rae1 cxd4 20. Qxe6 Qxe6
21. Rxe6 Rf6 22. Rfe1 Rbf8 23. Rxf6 Rxf6 24. Re4 c5 25. Re8 g5 26. g3 Rf7 27.
Kg2 h5 28. Re6 Bc7 29. Rg6+ Kf8 30. Rxg5 h4 31. Rxc5 hxg3 32. fxg3 Rg7 33. Rf5+
Ke7 34. Rf3 Kd6 35. Bf5 Kc5 36. g4 Be5 37. Rd3 Rg8 38. Kf3 Rh8 39. Ke4 Bf6 40.
Kf4 Rh1 41. g5 Rf1+ 42. Kg4 Rg1+ 43. Kf4 Bxg5+ 44. Ke5 Be3 45. c3 Re1 46. c4 Re2
47. Be4 Rxa2 48. b4+ Kxb4 49. Kd5 Rb2 50. c5 a5 51. c6 1-0

[Event "Titled Tue 10th Jun Early"]
[Site "chess.com INT"]
[Date "2025.06.10"]
[Round "11"]
[White "Shimanov, Aleksandr"]
[Black "Ilinca, Felix-Antonio"]
[Result "1-0"]
[WhiteTitle "GM"]
[BlackTitle "IM"]
[WhiteElo "2578"]
[BlackElo "2431"]
[WhiteFideId "4198603"]
[BlackFideId "54764998"]
[EventDate "2025.06.10"]

1. d4 Nf6 2. c4 c5 3. Nf3 cxd4 4. Nxd4 e6 5. Nc3 Nc6 6. g3 d5 7. Bg2 Be7 8. O-O
O-O 9. cxd5 exd5 10. Bg5 h6 11. Bf4 Be6 12. Rc1 Qd7 13. Nxe6 fxe6 14. Bh3 Rad8
15. Qd3 Bd6 16. Bxd6 Qxd6 17. Nb5 Qe7 18. Nd4 Nxd4 19. Qxd4 a6 20. Qe5 Qd6 21.
Qxe6+ Qxe6 22. Bxe6+ Kh8 23. Bf5 Rfe8 24. Bd3 Re7 25. Rc5 Ne4 26. Rc2 b6 27. b4
b5 28. Rc6 Ra8 29. Rfc1 Ree8 30. Rb6 a5 31. bxa5 Rxa5 32. Rxb5 Rxa2 33. Rxd5 Nf6
34. Rdc5 Raa8 35. Rc7 Nd5 36. Rb7 Rad8 37. Kg2 Rf8 38. Ra1 Rb8 39. Rxb8 Rxb8 40.
f4 Re8 41. Kf3 Re3+ 42. Kf2 Re8 43. e4 Nb4 44. Bb1 g5 45. Ra4 Rb8 46. e5 gxf4
47. gxf4 Nd5 48. Bg6 Kg7 49. f5 Rb2+ 50. Kg3 Rb3+ 51. Kh4 Rb7 52. Rd4 Ne7 53.
Rg4 Kf8 54. f6 Nd5 55. Be4 Rb5 56. Bxd5 Rxd5 57. e6 1-0

[Event "Titled Tue 10th Jun Early"]
[Site "chess.com INT"]
[Date "2025.06.10"]
[Round "11"]
[White "Deng, Henry"]
[Black "Vedant, Nitin Vekhande"]
[Result "0-1"]
[WhiteTitle "FM"]
[BlackTitle "CM"]
[WhiteElo "2327"]
[BlackElo "2167"]
[WhiteFideId "30965454"]
[BlackFideId "45073449"]
[EventDate "2025.06.10"]

1. e4 c5 2. Nc3 Nc6 3. Bb5 Nd4 4. Nf3 g6 5. O-O Bg7 6. Ba4 e6 7. Nxd4 cxd4 8.
Ne2 Ne7 9. d3 O-O 10. f3 d5 11. Qe1 dxe4 12. fxe4 e5 13. Bb3 Qd6 14. Qh4 Be6 15.
Bg5 Nc6 16. Ng3 Bxb3 17. axb3 f6 18. Bh6 Nb4 19. Bxg7 Kxg7 20. Rf2 a6 21. Qg4
Kh8 22. Re1 Rac8 23. Ree2 Rc6 24. h4 Qe6 25. Qf3 Qc8 26. h5 g5 27. Nf5 Qc7 28.
h6 Nxc2 29. Kh2 Ne3 30. Nxe3 dxe3 31. Qxe3 Qf7 32. Qh3 Rd6 33. b4 Qg6 34. Rf5 g4
35. Qh4 Rxd3 36. g3 Rf3 37. Rf2 Rxf2+ 38. Rxf2 Kg8 39. Rf5 Kf7 40. Kg1 Rc8 41.
Kf2 Rc2+ 42. Ke3 Rxb2 43. Qh1 Rxb4 44. Kd3 Rd4+ 45. Ke3 Ke6 46. Qh4 Rxe4+ 47.
Kxe4 Qxf5+ 48. Ke3 Qg5+ 49. Qxg5 fxg5 50. Ke4 Kf6 51. Kd3 b5 52. Ke4 a5 53. Kd3
a4 54. Kc3 a3 55. Kb3 b4 56. Kxb4 a2 57. Kc4 a1=Q 58. Kd5 Qd4+ 59. Kc6 e4 60.
Kc7 e3 61. Kc8 e2 62. Kb7 e1=Q 63. Kb8 Qec3 64. Ka8 Qdb4 65. Ka7 Qca3# 0-1

[Event "Titled Tue 10th Jun Early"]
[Site "chess.com INT"]
[Date "2025.06.10"]
[Round "11"]
[White "Pajcin, Lav"]
[Black "Turzo, Attila"]
[Result "0-1"]
[WhiteTitle "FM"]
[BlackTitle "IM"]
[WhiteElo "2281"]
[BlackElo "2245"]
[WhiteFideId "966746"]
[BlackFideId "704954"]
[EventDate "2025.06.10"]

1. d4 Nf6 2. c4 c5 3. d5 b5 4. cxb5 a6 5. bxa6 g6 6. Nc3 Bg7 7. e4 Qa5 8. Bd2 d6
9. Nb5 Qb6 10. a7 Na6 11. Bc3 O-O 12. Qb1 Bd7 13. a4 Nc7 14. Nxc7 Qxc7 15. Nf3
Rxa7 16. a5 Ng4 17. Qc2 Rfa8 18. a6 Bc8 19. h3 Bxc3+ 20. bxc3 Nf6 21. Be2 Bxa6
22. Bxa6 Rxa6 23. Rxa6 Rxa6 24. O-O Qa5 25. Re1 Qa2 26. Qd3 Ra3 27. Re3 Qa1+ 28.
Kh2 Qb2 29. e5 dxe5 30. d6 exd6 31. Qxd6 Qxf2 32. Qxf6 Qxe3 33. Nxe5 Ra7 34. Nc6
Rd7 35. Ne5 Qd2 36. Nxd7 Qxd7 37. c4 Qd4 38. Qf1 f5 39. Qe2 Kf7 40. Qa2 Kf6 41.
Qa6+ Kg5 42. Qb7 Qxc4 43. Qxh7 Qf4+ 44. Kh1 Qf1+ 45. Kh2 Qf4+ 46. Kh1 Qe5 47.
Qd7 Kf4 48. Qd2+ Kg3 49. Qc1 g5 50. Qxg5+ Kf2 51. Qc1 Qe1+ 52. Qxe1+ Kxe1 53. h4
c4 54. h5 c3 55. h6 c2 56. h7 c1=Q 57. h8=Q Kf2+ 58. Kh2 Qf4+ 59. Kh3 Qg4+ 60.
Kh2 Qxg2# 0-1

[Event "Titled Tue 10th Jun Early"]
[Site "chess.com INT"]
[Date "2025.06.10"]
[Round "11"]
[White "Hou, Yifan"]
[Black "Cherukuri, Nitesh"]
[Result "1/2-1/2"]
[WhiteTitle "GM"]
[BlackTitle "CM"]
[WhiteElo "2633"]
[BlackElo "2171"]
[WhiteFideId "8602980"]
[BlackFideId "30978688"]
[EventDate "2025.06.10"]

1. c4 e6 2. Nc3 d5 3. d4 Nf6 4. cxd5 exd5 5. Bg5 Bb4 6. e3 h6 7. Bh4 g5 8. Bg3
h5 9. Bd3 h4 10. Be5 Nc6 11. Bxf6 Qxf6 12. a3 Bxc3+ 13. bxc3 Bf5 14. Qf3 Ne7 15.
Bxf5 Qxf5 16. Qxf5 Nxf5 17. Rb1 b6 18. Nf3 f6 19. Ke2 Nd6 20. Nd2 Kd7 21. Kd3 c5
22. dxc5 bxc5 23. c4 Kc6 24. cxd5+ Kxd5 25. e4+ Ke6 26. Rhc1 Rhc8 27. Nc4 Nxc4
28. Kxc4 Rab8 29. Rd1 Ke5 30. f3 Rxb1 31. Rxb1 h3 32. g3 g4 33. fxg4 Kxe4 34.
Rf1 Rb8 35. Kc3 Rb6 36. Rf4+ Ke3 37. Rf5 Ke2 38. Rh5 Kf3 39. Rxh3 Kxg4 40. Rh4+
Kf3 41. Rh5 Ra6 42. Kb2 Rb6+ 43. Kc2 Ra6 44. Kb3 Rb6+ 45. Kc4 Ra6 46. Rxc5 Rxa3
47. Kd5 Kg2 48. Rc2+ Kh3 49. Ke6 Rf3 50. Kd5 a5 51. Ke4 Rb3 52. Ra2 a4 53. Kf5
Rf3+ 54. Ke4 Rb3 55. Rxa4 Kxh2 56. g4 Kg3 57. Kf5 Rf3+ 58. Kg6 Rf4 59. Rxf4 Kxf4
60. Kxf6 Kxg4 1/2-1/2